000 00370nam a22001577a 4500
008 220601b ||||| |||| 00| 0 eng d
020 _a9789385077364
082 _a801.95
_bJAL
100 _aJain Usha
245 _aLiterary Criticism
_cBy Usha Jain
260 _aDelhi
_bVayu Education
_c2016
300 _a209p.
650 _aENGLISH
942 _cBK
999 _c43928
_d43928
041 _aeng